Pokémon - Equipes des champions 5G (Noir et Blanc) - Statistiques

Statistiques générales
  • Ce quiz a été pris 1 705 fois
  • Le résultat moyen est 45 sur 61
Statistiques - réponses
Hint Réponse % Correct
Feuillajou
98%
Flamajou
98%
Flotajou
97%
Inezia Emolga
95%
Emolga
95%
Aloé Ponchien
94%
Miradar
93%
Zeblitz
93%
Manternel
92%
Tranchodon
92%
Minotaupe
89%
Armando Ponchiot
88%
Rachid Ponchiot
88%
Noa Ponchiot
88%
Hexagel
85%
Polagriffe
85%
Pokémon version Blanc Reshiram
85%
Pokémon version Noir Zekrom
85%
Déflaisan
82%
Kunz Judokrak
82%
Lakmécygne
81%
Drakkarmin
80%
Drakkarmin
80%
Karaclée
80%
Bétochef
78%
Percila Symbios
78%
Lugulabre
77%
Artie Scobolide
77%
Watson/Iris Incisache
75%
Anis Tutankafer
74%
Ghetis Tutankafer
74%
Bardane Escroco
73%
Sidérella
73%
Trioxhydre
71%
Léopardus
70%
Pyrax
69%
Shaofouine
69%
Crocorible
68%
Frison
67%
Frison
67%
Mushana
67%
Scalproie
67%
Scalproie
67%
Zhu Sorboul
67%
Zoroark
66%
Crabicoque
63%
Golemastoc
62%
Batracné
60%
Pieris Baggaïd
58%
Moyade
56%
Sorbouboul
56%
Sorbouboul
56%
Cryptero
53%
Carolina Rhinolove
53%
Goyah Limaspeed
51%
Lançargot
50%
Crapustule
47%
Cliticlic
45%
Ohmassacre
42%
Aéroptéryx
41%
N Mégapagos
41%
Aucun quiz correspondant
Distribution des résultats
% des personnes avec chaque résultat
Percentile par nombre de réponses
Votre historique - résultats
Vous n’avez pas pris ce quiz